Un concurso musical y una sonata gallega para piano del compositor Antonio-José / (Record no. 138679)

MARC details
000 -LEADER
campo de control de longitud fija 00748nam a2200193 4500
001 - NÚMERO DE CONTROL
campo de control 138679
003 - IDENTIFICADOR DE NÚMERO DE CONTROL
campo de control ES-MaACL
005 - FECHA Y HORA DE LA ÚLTIMA TRANSACCIÓN
campo de control 20250730165128.0
007 - CAMPO FIJO DE DESCRIPCIÓN FÍSICA--INFORMACIÓN GENERAL
campo de control de longitud fija t|
008 - DATOS DE LONGITUD FIJA--INFORMACIÓN GENERAL
campo de control de longitud fija 070214s1965 sp r ||||1| spa d
100 1# - ENTRADA PRINCIPAL--NOMBRE DE PERSONA
Nombre de persona Santiago, Rodrigo A. de.
9 (RLIN) 103386
245 13 - MENCIÓN DEL TÍTULO
Título Un concurso musical y una sonata gallega para piano del compositor Antonio-José /
Mención de responsabilidad, etc. Rodrigo A. de Santiago.
260 ## - PUBLICACIÓN, DISTRIBUCIÓN, ETC.
Lugar de publicación, distribución, etc. La Coruña :
Nombre del editor, distribuidor, etc. Instituto José Cornide de Estudios Coruñeses,
Fecha de publicación, distribución, etc. 1965.
300 ## - DESCRIPCIÓN FÍSICA
Extensión 4 h. ;
Dimensiones 22 cm.
500 ## - NOTA GENERAL
Nota general Es tirada aparte de: `Revista del Instituto José Cornide de Estudios Coruñeses`, año I, nº 1.
710 2# - ENTRADA AGREGADA--NOMBRE DE ENTIDAD CORPORATIVA
Nombre de entidad corporativa o nombre de jurisdicción como elemento de entrada Instituto "José Cornide" de Estudios Coruñeses
9 (RLIN) 5109
852 ## - LOCALIZACIÓN
Ubicación ES-MaACL
Número de control de estantería 2075-F-1
Sublocalización o colección R.75214
Holdings
Estatus retirado Estado de pérdida Estado de daño No para préstamo Colección Biblioteca de origen Biblioteca actual Ubicación en estantería Fecha de adquisición Fuente de adquisición Total de préstamos Signatura topográfica completa Código de barras Visto por última vez Precio de reemplazo Tipo de ítem Koha
        Colección de folletos Biblioteca del Ateneo de Madrid Biblioteca del Ateneo de Madrid Depósito folletos 17/01/2008     2075-F-1 1144309 23/02/2023 23/02/2023 Folleto